[Event "Hastings Premier 1985/86 61st"]
[Site "Hastings"]
[Date "1986.01.10"]
[Round "12"]
[White "Plaskett, H James"]
[Black "Conquest, Stuart C"]
[Result "0-1"]
[WhiteElo "2480"]
[BlackElo "2345"]
[PlyCount "84"]
[EventDate "1985.12.28"]
[EventType "tourn"]
[EventRounds "13"]
[EventCountry "ENG"]
[EventCategory "9"]
[SourceTitle "BritBase"]
[Source "John Saunders"]
[SourceDate "2024.12.03"]
[SourceVersion "1"]
[SourceVersionDate "2024.12.03"]
[SourceQuality "1"]

1. e4 c5 2. c3 d6 3. d4 Nf6 4. f3 cxd4 5. cxd4 g6 6. Nc3 Bg7 7. Bg5 O-O 8. Qd2 a6 9. Nge2 b5 10. h4 h5 11. Bh6 Nbd7 12. a3 Bb7 13. g4 hxg4 14. Ng3 e6 15. Bg5 Qa5 16. h5 Rfc8 17. Be2 b4 18. axb4 Qxb4 19. fxg4 Bc6 20. O-O Qb7 21. Qe3 Qb6 22. hxg6 fxg6 23. Kh2 Nh7 24. Rad1 Nxg5 25. Qxg5 Nf8 26. Qd2 Bb7 27. Rf2 e5 28. Rdf1 exd4 29. Na4 Qb3 30. Bd1 Qe3 31. Qb4 Be5 32. Rf3 Qh6+ 33. Kg2 Rab8 34. Bb3+ Kh8 35. Rh1 Qxh1+ 36. Nxh1 Bxe4 37. Nb6 Rc6 38. Qd2 Rcxb6 39. Qh6+ Nh7 40. Bd1 Rxb2+ 41. Kf1 Bxf3 42. Bxf3 Rf8 0-1

[Event "Hastings Premier 1985/86 61st"]
[Site "Hastings"]
[Date "1986.01.10"]
[Round "12"]
[White "Rukavina, Josip"]
[Black "Greenfeld, Alon"]
[Result "0-1"]
[WhiteElo "2510"]
[BlackElo "2480"]
[PlyCount "78"]
[EventDate "1985.12.28"]
[EventType "tourn"]
[EventRounds "13"]
[EventCountry "ENG"]
[EventCategory "9"]
[SourceTitle "BritBase"]
[Source "John Saunders"]
[SourceDate "2024.12.03"]
[SourceVersion "1"]
[SourceVersionDate "2024.12.03"]
[SourceQuality "1"]

1. d4 Nf6 2. Nf3 c5 3. g3 cxd4 4. Nxd4 d5 5. Bg2 e5 6. Nb3 h6 7. c4 d4 8. O-O Nc6 9. e3 Bg4 10. f3 Be6 11. exd4 exd4 12. Re1 Be7 13. Na3 O-O 14. Bf1 Qd7 15. Bd2 Rfd8 16. Bd3 Nb4 17. Bxb4 Bxb4 18. Nd2 Rac8 19. Rc1 h5 20. Nab1 h4 21. a3 Bd6 22. Nf1 hxg3 23. hxg3 Rc5 24. f4 Bg4 25. Qc2 Rh5 26. Nbd2 g6 27. Nh2 Kg7 28. Ndf1 Rdh8 29. Qf2 a5 30. Rc2 Bh3 31. Qf3 Qc8 32. b4 axb4 33. axb4 Bxb4 34. Rb1 Bc5 35. Qxb7 Qe8 36. Re2 Qxe2 37. Bxe2 d3+ 38. Kh1 dxe2 39. Nd2 Bf5 0-1

[Event "Hastings Premier 1985/86 61st"]
[Site "Hastings"]
[Date "1986.01.12"]
[Round "13"]
[White "Cramling, Pia"]
[Black "Bellon Lopez, Juan Manuel"]
[Result "1/2-1/2"]
[WhiteElo "2420"]
[BlackElo "2435"]
[PlyCount "40"]
[EventDate "1985.12.28"]
[EventType "tourn"]
[EventRounds "13"]
[EventCountry "ENG"]
[EventCategory "9"]
[SourceTitle "BritBase"]
[Source "John Saunders"]
[SourceDate "2024.12.03"]
[SourceVersion "1"]
[SourceVersionDate "2024.12.03"]
[SourceQuality "1"]

1. c4 c5 2. Nc3 e6 3. Nf3 Nf6 4. g3 b6 5. Bg2 Bb7 6. O-O Be7 7. Re1 O-O 8. e4 d6 9. d4 cxd4 10. Nxd4 Qc8 11. b3 a6 12. Bb2 Nbd7 13. Rc1 Ra7 14. Qe2 Qa8 15. h3 g6 16. Rcd1 Re8 17. Kh2 Bf8 18. Nc2 Bc6 19. Nd4 Bb7 20. Nc2 Bc6 1/2-1/2

[Event "Hastings Premier 1985/86 61st"]
[Site "Hastings"]
[Date "1986.01.12"]
[Round "13"]
[White "Greenfeld, Alon"]
[Black "Braga, Fernando Alberto"]
[Result "0-1"]
[WhiteElo "2480"]
[BlackElo "2455"]
[PlyCount "84"]
[EventDate "1985.12.28"]
[EventType "tourn"]
[EventRounds "13"]
[EventCountry "ENG"]
[EventCategory "9"]
[SourceTitle "BritBase"]
[Source "John Saunders"]
[SourceDate "2024.12.03"]
[SourceVersion "1"]
[SourceVersionDate "2024.12.03"]
[SourceQuality "1"]

1. d4 d5 2. c4 e6 3. Nc3 Nf6 4. Bg5 Nbd7 5. e3 Bb4 6. cxd5 exd5 7. Bd3 c5 8. Nge2 c4 9. Bf5 Nb6 10. Qc2 h6 11. Bh4 O-O 12. O-O-O Bxf5 13. Qxf5 Qd7 14. g4 Qxf5 15. gxf5 Nh7 16. Rhg1 f6 17. Nf4 Bxc3 18. bxc3 Kf7 19. Rg6 Rg8 20. Rdg1 Ng5 21. Ne6 Rae8 22. Nc7 Re7 23. Bg3 Ne4 24. Nb5 Nc8 25. Bf4 a6 26. Nc7 Nxc3 27. Kd2 Ne4+ 28. Ke2 Ng5 29. Rb1 Rd7 30. h4 Ne7 31. hxg5 hxg5 32. Bxg5 fxg5 33. Rxb7 Nxg6 34. fxg6+ Kxg6 35. Rb6+ Kh5 36. Nxa6 Rf8 37. Nc5 Rdf7 38. f4 gxf4 39. Ne6 Re8 40. Rd6 g5 41. exf4 Rxf4 42. Kd2 Rxe6 0-1

[Event "Hastings Premier 1985/86 61st"]
[Site "Hastings"]
[Date "1986.01.12"]
[Round "13"]
[White "Hjartarson, Johann"]
[Black "Plaskett, H James"]
[Result "1-0"]
[WhiteElo "2505"]
[BlackElo "2480"]
[PlyCount "81"]
[EventDate "1985.12.28"]
[EventType "tourn"]
[EventRounds "13"]
[EventCountry "ENG"]
[EventCategory "9"]
[SourceTitle "BritBase"]
[Source "John Saunders"]
[SourceDate "2024.12.03"]
[SourceVersion "1"]
[SourceVersionDate "2024.12.03"]
[SourceQuality "1"]

1. d4 f5 2. g3 Nf6 3. Bg2 g6 4. Nf3 Bg7 5. O-O O-O 6. c4 d6 7. Nc3 Nc6 8. d5 Ne5 9. Nxe5 dxe5 10. e4 f4 11. f3 c6 12. dxc6 Qb6+ 13. Kh1 bxc6 14. b3 g5 15. Ba3 Kf7 16. gxf4 gxf4 17. Na4 Qc7 18. Qe1 Rg8 19. Nc5 Nh5 20. Qh4 Kg6 21. Bh3 Bf6 22. Bf5+ Kh6 23. Qe1 Bxf5 24. exf5 Ng7 25. Qe4 Qa5 26. Na4 Qd2 27. Rg1 Nh5 28. Bb2 Qf2 29. Rg4 Rad8 30. Bc3 Rxg4 31. fxg4 Ng3+ 32. hxg3 f3 33. Rg1 Rd1 34. Be1 Rxe1 35. Qxe1 Qd4 36. Rf1 e4 37. Qc1+ Bg5 38. Qc2 Bd2 39. Nc5 e3 40. g5+ Kxg5 41. Ne6+ 1-0

[Event "Hastings Premier 1985/86 61st"]
[Site "Hastings"]
[Date "1986.01.12"]
[Round "13"]
[White "Mikhalchishin, Adrian"]
[Black "Rukavina, Josip"]
[Result "1/2-1/2"]
[WhiteElo "2505"]
[BlackElo "2510"]
[PlyCount "91"]
[EventDate "1985.12.28"]
[EventType "tourn"]
[EventRounds "13"]
[EventCountry "ENG"]
[EventCategory "9"]
[SourceTitle "BritBase"]
[Source "John Saunders"]
[SourceDate "2024.12.03"]
[SourceVersion "1"]
[SourceVersionDate "2024.12.03"]
[SourceQuality "1"]

1. e4 d6 2. d4 Nf6 3. Nc3 g6 4. f4 Bg7 5. Nf3 O-O 6. Be3 c5 7. dxc5 Qa5 8. Bd3 Ng4 9. Bd2 Qxc5 10. Qe2 Nf6 11. O-O-O Bg4 12. h3 Bxf3 13. Qxf3 Na6 14. Kb1 Rfc8 15. g4 Nb4 16. h4 b5 17. g5 Nh5 18. Nd5 Nxd5 19. exd5 Rc7 20. f5 Rf8 21. c3 Qb6 22. Rhf1 Qb8 23. Rf2 Be5 24. Rdf1 Rcc8 25. Rg2 a5 26. Rg4 Qb7 27. Be3 b4 28. c4 a4 29. Bd4 Bxd4 30. Rxd4 a3 31. b3 Qa7 32. Re4 Rc7 33. Re2 Rcc8 34. Re4 Ng7 35. Rg4 gxf5 36. Bxf5 Nxf5 37. Qxf5 Qe3 38. Rgf4 e6 39. dxe6 fxe6 40. Qxf8+ Rxf8 41. Rxf8+ Kg7 42. R8f7+ Kg6 43. R7f6+ Kh5 44. R1f4 Qe1+ 45. Kc2 Qe2+ 46. Kc1 1/2-1/2

[Event "Hastings Challengers 1985/86"]
[Site "Hastings"]
[Date "1985.12.28"]
[Round "1"]
[White "Martin, Andrew D"]
[Black "Rossiter, Philip J"]
[Result "1-0"]
[WhiteElo "2410"]
[BlackElo "2215"]
[PlyCount "53"]
[EventDate "1985.12.28"]
[EventType "swiss"]
[EventRounds "10"]
[EventCountry "ENG"]
[SourceTitle "BritBase"]
[Source "John Saunders"]
[SourceDate "2024.12.03"]
[SourceVersion "1"]
[SourceVersionDate "2024.12.03"]
[SourceQuality "1"]

1. d4 Nf6 2. c4 e6 3. Nc3 Bb4 4. e3 Nc6 5. Nge2 d5 6. a3 Bf8 $6 7. Ng1 $6 dxc4 8. Nf3 Bd6 9. Bxc4 O-O 10. h3 e5 11. O-O Qe7 12. Qc2 Re8 $2 13. Ng5 $1 exd4 14. Bxf7+ Kh8 15. Bxe8 Qxe8 16. Nce4 Qh5 17. Nxd6 cxd6 18. f4 h6 19. Nf3 Qd5 20. Nh4 Ne4 21. f5 Ne7 22. Rf4 Ng3 23. Qf2 Nh5 24. e4 Qb3 25. Qf3 Qf7 26. Ng6+ Nxg6 27. Qxh5 {Source: BCM, March 1986, p89} 1-0

[Event "Hastings Challengers 1985/86"]
[Site "Hastings"]
[Date "1986.01.01"]
[Round "5"]
[White "Martin, Andrew D"]
[Black "Condie, Mark L"]
[Result "1/2-1/2"]
[WhiteElo "2410"]
[BlackElo "2405"]
[PlyCount "45"]
[EventDate "1985.12.28"]
[EventType "swiss"]
[EventRounds "10"]
[EventCountry "ENG"]
[SourceTitle "BritBase"]
[Source "John Saunders"]
[SourceDate "2024.12.03"]
[SourceVersion "1"]
[SourceVersionDate "2024.12.03"]
[SourceQuality "1"]

1. c4 Nf6 2. d4 e5 3. dxe5 Ng4 4. Nf3 Bc5 5. e3 Nc6 6. Be2 Ngxe5 7. Nxe5 Nxe5 8. O-O O-O 9. Nc3 Re8 10. b3 a5 11. Bb2 Ra6 12. Nd5 Rh6 13. g3 d6 14. Bd4 Qd7 15. h4 Ng6 16. Bf3 Nxh4 17. gxh4 Rg6+ 18. Bg2 Re4 19. f3 Bxd4 20. fxe4 Rxg2+ 21. Kxg2 Qh3+ 22. Kg1 Qg3+ 23. Kh1 {Source: CHESS, April 1986, Vol.51/973-4, p56} 1/2-1/2

[Event "Hastings Challengers 1985/86"]
[Site "Hastings"]
[Date "1986.01.04"]
[Round "8"]
[White "Rossiter, Philip J"]
[Black "Kwiatkowski, Feliks Jerzy"]
[Result "1-0"]
[WhiteElo "2215"]
[BlackElo "2280"]
[PlyCount "45"]
[EventDate "1985.12.28"]
[EventType "swiss"]
[EventRounds "10"]
[EventCountry "ENG"]
[SourceTitle "BritBase"]
[Source "John Saunders"]
[SourceDate "2024.12.03"]
[SourceVersion "1"]
[SourceVersionDate "2024.12.03"]
[SourceQuality "1"]

1. e4 c5 2. Nf3 Nc6 3. Nc3 Nf6 4. e5 Ng4 5. Qe2 Qc7 6. Nb5 Qb8 7. d4 cxd4 8. Nd6+ exd6 9. exd6+ Kd8 10. h3 Nh6 11. Bxh6 Qxd6 12. Bd2 Qe6 13. Ng5 Qxe2+ 14. Bxe2 Ke8 15. O-O-O Be7 16. Rhe1 h6 17. Nf3 d5 18. Bb5 Bd7 19. Ne5 Rd8 20. f4 Kf8 21. Ba5 Nxe5 22. Bxd8 Bxd8 23. Rxe5 {Source: BCM, March 1986, p89} 1-0

[Event "Hastings Challengers 1985/86"]
[Site "Hastings"]
[Date "1986.01.05"]
[Round "9"]
[White "Apicella, Manuel"]
[Black "Condie, Mark L"]
[Result "0-1"]
[WhiteElo "2290"]
[BlackElo "2405"]
[PlyCount "66"]
[EventDate "1985.12.28"]
[EventType "swiss"]
[EventRounds "10"]
[EventCountry "ENG"]
[SourceTitle "BritBase"]
[Source "John Saunders"]
[SourceDate "2024.12.03"]
[SourceVersion "1"]
[SourceVersionDate "2024.12.03"]
[SourceQuality "1"]

1. e4 c6 2. d4 d5 3. e5 Bf5 4. g4 Be4 5. f3 Bg6 6. Ne2 e6 7. Be3 Qb6 8. b3 c5 9. Nbc3 Nc6 10. Na4 Qc7 11. c3 cxd4 12. cxd4 f6 13. Nf4 fxe5 14. Nxe6 Bb4+ 15. Kf2 Qe7 16. Nac5 Bxc5 17. Nxc5 Nf6 18. dxe5 Qxe5 19. f4 Qb2+ 20. Kg1 O-O 21. g5 Ng4 22. Qc1 Qxc1 23. Bxc1 Rae8 24. Bh3 Re1+ 25. Kg2 Rxh1 26. Kxh1 Nf2+ 27. Kg2 Nxh3 28. Kxh3 b6 29. Na4 Re8 30. Ba3 Nd4 31. Rc1 Bf5+ 32. Kg2 Re2+ 33. Kg3 Rxa2 {Source: StarBase 4.56} 0-1